000 00913nam a22003017a 4500
003 CHAP
005 20221024124915.0
008 971013s r 00010 d
010 _a51930
011 _a52902
035 _a57052
040 _cCHAP
090 _aTesis
100 0 0 _aRomandía Ferreira, Francisco.
_999478
245 _aConservación de sustancias alimenticias /
_cpor Francisco Romandía Ferreira
260 _aCd. Juárez, Chih.,
_bE l autor,
_c(s.a.)
300 _a35 p.
502 _aTesis (Agrónomo) -- Escuela Superior de Agricultura Hermanos Escobar
590 _aALEPH
_b10
_c20130110
590 _aBATCH-UPD
_b10
_c20130110
590 _aBATCH-UPD
_b10
_c20130410
590 _aBATCH-UPD
_b10
_c20130914
590 _aCONVERSION
_b10
_c20130109
650 1 4 _aAlimentos
_xConservación.
_94179
901 _aBK
942 _cTESIS
_2ddc
949 _bBC
_cTES
_d-124259
_eTS1
_i57052
_si
999 _c51930
_d51930